Principles of cost accounting. / (Record no. 7146)
[ view plain ]
| 000 -LEADER | |
|---|---|
| fixed length control field | 00995nam a22001697a 4500 |
| 008 - FIXED-LENGTH DATA ELEMENTS--GENERAL INFORMATION | |
| fixed length control field | 200310b xxu||||| |||| 00| 0 eng d |
| 020 ## - INTERNATIONAL STANDARD BOOK NUMBER | |
| International Standard Book Number | 9781133187868 |
| 050 ## - LIBRARY OF CONGRESS CALL NUMBER | |
| Classification number | HF5686.C8 S352(16e) |
| 100 ## - MAIN ENTRY--PERSONAL NAME | |
| Personal name | VanDerbeck, Edward J. |
| 245 ## - TITLE STATEMENT | |
| Title | Principles of cost accounting. / |
| Statement of responsibility, etc. | Edward J. VanDerbeck. |
| 250 ## - EDITION STATEMENT | |
| Edition statement | 16th ed. |
| 260 ## - PUBLICATION, DISTRIBUTION, ETC. | |
| Place of publication, distribution, etc. | Mason : |
| Name of publisher, distributor, etc. | South-Western Cengage Learning, |
| Date of publication, distribution, etc. | 2013. |
| 300 ## - PHYSICAL DESCRIPTION | |
| Extent | xx, 574 p. : |
| Other physical details | ill. ; |
| Dimensions | 26 cm. |
| 500 ## - GENERAL NOTE | |
| General note | Includes index. |
| 505 ## - FORMATTED CONTENTS NOTE | |
| Formatted contents note | Contents: Introduction to cost accounting -- Accounting for materials -- Accounting for labor -- Accounting for factory overhead -- Process cost accounting - general procedures -- Process cost accounting - additional procedures; accounting for joint products and by-products -- The master budget and flexible budgeting -- Standard cost accounting - materials, labor, and factory overhead -- Cost accounting for service businesses and the balanced scorecard -- Cost analysis for management decision making. |
| 942 ## - ADDED ENTRY ELEMENTS (KOHA) | |
| Source of classification or shelving scheme | Library of Congress Classification |
| Koha item type | Books |
| Withdrawn status | Lost status | Source of classification or shelving scheme | Damaged status | Not for loan | Home library | Current library | Shelving location | Date acquired | Total Checkouts | Full call number | Barcode | Date last seen | Copy number | Price effective from | Koha item type |
|---|---|---|---|---|---|---|---|---|---|---|---|---|---|---|---|
| Library of Congress Classification | WISCONSIN INTERNATIONAL UNIVERSITY COLLEGE, GHANA - MAIN LIBRARY | WISCONSIN INTERNATIONAL UNIVERSITY COLLEGE, GHANA - MAIN LIBRARY | Reference | 10/03/2020 | HF5686.C8 S352(16e) | 8631/083/20 | 10/03/2020 | 1 | 10/03/2020 | Books | |||||
| Library of Congress Classification | WISCONSIN INTERNATIONAL UNIVERSITY COLLEGE, GHANA - MAIN LIBRARY | WISCONSIN INTERNATIONAL UNIVERSITY COLLEGE, GHANA - MAIN LIBRARY | Reference | 10/03/2020 | HF5686.C8 S3521(16e) | 8632/084/20 | 10/03/2020 | 2 | 10/03/2020 | Books |
